Normal view
MARC view
- Jobim Antonio Carlos
Entry Personal Name
001 - CONTROL NUMBER
- control field: 5254
003 - CONTROL NUMBER IDENTIFIER
- control field: IT-RoPau
005 - DATE AND TIME OF LATEST TRANSACTION
- control field: 20131214205349.0
008 - FIXED-LENGTH DATA ELEMENTS
- fixed length control field: 131214|| aca||aabn | a|a d
040 ## - CATALOGING SOURCE
- Original cataloging agency: IT-RoPau
- Transcribing agency: IT-RoPau
100 ## - HEADING--PERSONAL NAME
- Personal name: Jobim Antonio Carlos
- Miscellaneous information: Codice autore testo/musica SPICS: 21135
- Relator term: Autore testo/musica
- Name of part/section of a work: Stone Flower
670 ## - SOURCE DATA FOUND
- Source citation: Work cat.: (IT-RoPau)99559: AA.VV. 794, Caravanserai (Lp ci 69022)